[Event "Villa Santiago op"]
[Site "Santiago de Cuba"]
[Date "2018.08.09"]
[Round "2"]
[White "Robles Cordero, David Rafael"]
[Black "Tamayo Nunez, Santiago Sabino"]
[Result "1-0"]
[WhiteElo "1800"]
[BlackElo "1375"]
[PlyCount "45"]
[EventDate "2018.08.08"]
[EventType "swiss"]
[EventRounds "7"]
[EventCountry "CUB"]
[SourceTitle "EXT 2021"]
[Source "ChessBase"]
[SourceDate "2020.10.23"]
[SourceVersion "1"]
[SourceVersionDate "2020.10.23"]
[SourceQuality "1"]

1. e4 c5 2. Nf3 e6 3. d4 cxd4 4. Nxd4 Qc7 5. Bd3 Nf6 6. 0-0 a6 7. Nc3 b5 8. a3 Bb7 9. Kh1 d6 10. Bg5 Nbd7 11. f4 Be7 12. Bxf6 Bxf6 13. Bxb5 axb5 14. Ndxb5 Qc6 15. Qxd6 Bd8 16. Rad1 Ra5 17. Qb4 Nc5 18. Rxd8+ Kxd8 19. Qxa5+ Ke7 20. Nd4 Qc8 21. Qb4 Kf6 22. f5 e5 23. Qb6+ 1-0

[Event "Windsor NAYCC U14"]
[Site "Windsor"]
[Date "2016.08.11"]
[Round "9.74"]
[White "Tamayo Nunez, Santiago Sabino"]
[Black "Le, Collin Khoi"]
[Result "0-1"]
[WhiteElo "1386"]
[BlackElo "1540"]
[PlyCount "68"]
[EventDate "2016.08.07"]
[EventType "swiss"]
[EventRounds "9"]
[EventCountry "CAN"]
[SourceTitle "EXT 2022"]
[Source "ChessBase"]
[SourceDate "2021.10.06"]
[SourceVersion "1"]
[SourceVersionDate "2021.10.06"]
[SourceQuality "1"]

1. d4 Nf6 2. c4 e5 3. dxe5 Ng4 4. f3 Nxe5 5. e4 Nbc6 6. Be3 Bb4+ 7. Nd2 d6 8. a3 Ba5 9. Qa4 Bxd2+ 10. Bxd2 0-0 11. Be3 Re8 12. Qc2 f5 13. 0-0-0 fxe4 14. fxe4 Qf6 15. h3 Be6 16. Be2 a6 17. Rf1 Qg6 18. g4 Na5 19. c5 dxc5 20. Bxc5 Nb3+ 21. Kb1 Nxc5 22. Qxc5 Qxe4+ 23. Ka1 Nc4 24. Bxc4 Bxc4 25. Rc1 Qxh1 26. Qxc4+ Kh8 27. Qxc7 h6 28. Qf7 Rac8 29. Rb1 Rf8 30. Qg6 Qg2 31. Qe6 Rce8 32. Qd7 Rd8 33. Qc7 Rd2 34. Qc5 Rdf2 0-1

[Event "Windsor NAYCC U14"]
[Site "Windsor"]
[Date "2016.08.09"]
[Round "4.81"]
[White "Tamayo Nunez, Santiago Sabino"]
[Black "Cui, Kevin"]
[Result "1/2-1/2"]
[WhiteElo "1386"]
[BlackElo "1204"]
[PlyCount "52"]
[EventDate "2016.08.07"]
[EventType "swiss"]
[EventRounds "9"]
[EventCountry "CAN"]
[SourceTitle "EXT 2022"]
[Source "ChessBase"]
[SourceDate "2021.10.06"]
[SourceVersion "1"]
[SourceVersionDate "2021.10.06"]
[SourceQuality "1"]

1. d4 Nf6 2. c4 e6 3. Nf3 d5 4. Bg5 Be7 5. Nc3 0-0 6. e3 h6 7. Bf4 c5 8. dxc5 Bxc5 9. cxd5 Nxd5 10. Nxd5 exd5 11. a3 Re8 12. Be2 Nc6 13. 0-0 d4 14. Qc2 Bb6 15. exd4 Bxd4 16. Rad1 Qf6 17. Bc1 Bf5 18. Bd3 Bg4 19. Be4 Bb6 20. Rd5 Rad8 21. Qc4 Be6 22. Rxd8 Rxd8 23. Qc2 Bd5 24. Bd2 Nd4 25. Nxd4 Qxd4 26. Bxd5 Rxd5 1/2-1/2

[Event "Windsor NAYCC U14"]
[Site "Windsor"]
[Date "2016.08.08"]
[Round "2.67"]
[White "Dill, James C"]
[Black "Tamayo Nunez, Santiago Sabino"]
[Result "1-0"]
[WhiteElo "1870"]
[BlackElo "1386"]
[PlyCount "91"]
[EventDate "2016.08.07"]
[EventType "swiss"]
[EventRounds "9"]
[EventCountry "CAN"]
[SourceTitle "EXT 2022"]
[Source "ChessBase"]
[SourceDate "2021.10.06"]
[SourceVersion "1"]
[SourceVersionDate "2021.10.06"]
[SourceQuality "1"]

1. e4 c5 2. c3 e6 3. d4 d5 4. e5 Nc6 5. Nf3 Qb6 6. a3 c4 7. Nbd2 Bd7 8. g3 Be7 9. Bh3 f6 10. Qe2 f5 11. 0-0 g5 12. Nxg5 Bxg5 13. Qh5+ Kf8 14. Qxg5 h6 15. Qe3 Nge7 16. Qe2 Kg7 17. f4 Ng6 18. Kh1 h5 19. Qe3 Raf8 20. Nf3 Nd8 21. Ng5 Nf7 22. Nxf7 Rxf7 23. Kg1 Kf8 24. Kf2 Qd8 25. Ke2 Ne7 26. Bd2 Qb6 27. Rab1 Qb3 28. Rfc1 b6 29. Be1 Ba4 30. Bf2 Ng8 31. Bf1 Nh6 32. h3 Ng8 33. Kd2 Ne7 34. Be2 Ng6 35. Bd1 Qb5 36. Bxa4 Qxa4 37. Rg1 Ke7 38. Qf3 b5 39. Qd1 a5 40. Ke3 Qxd1 41. Rbxd1 a4 42. Rh1 Rhh7 43. Rhg1 h4 44. gxh4 Nxh4 45. Rg5 Kd7 46. Rdg1 1-0

[Event "Windsor NAYCC U14"]
[Site "Windsor"]
[Date "2016.08.08"]
[Round "3.75"]
[White "Tamayo Nunez, Santiago Sabino"]
[Black "Butchart, Brian"]
[Result "0-1"]
[WhiteElo "1386"]
[BlackElo "1177"]
[PlyCount "54"]
[EventDate "2016.08.07"]
[EventType "swiss"]
[EventRounds "9"]
[EventCountry "CAN"]
[SourceTitle "EXT 2022"]
[Source "ChessBase"]
[SourceDate "2021.10.06"]
[SourceVersion "1"]
[SourceVersionDate "2021.10.06"]
[SourceQuality "1"]

1. d4 Nf6 2. c4 g6 3. Nc3 Bg7 4. e4 d6 5. Nf3 0-0 6. Be2 Nbd7 7. 0-0 e5 8. h3 Ne8 9. d5 f5 10. Ng5 Ndf6 11. exf5 gxf5 12. Nf3 Kh8 13. Bg5 Rg8 14. Nh2 h6 15. Bh4 Qe7 16. Bh5 Bd7 17. Qf3 Bf8 18. Bxe8 Rxe8 19. g3 a6 20. Ne4 Bg7 21. Nxf6 Bxf6 22. Bxf6+ Qxf6 23. Rfe1 Re7 24. Kf1 Reg7 25. Ng4 Qg6 26. Ne3 f4 27. gxf4 Qd3+ 0-1

[Event "Windsor NAYCC U14"]
[Site "Windsor"]
[Date "2016.08.07"]
[Round "1.65"]
[White "Nakada, Akira W"]
[Black "Tamayo Nunez, Santiago Sabino"]
[Result "1-0"]
[WhiteElo "1904"]
[BlackElo "1386"]
[PlyCount "81"]
[EventDate "2016.08.07"]
[EventType "swiss"]
[EventRounds "9"]
[EventCountry "CAN"]
[SourceTitle "EXT 2022"]
[Source "ChessBase"]
[SourceDate "2021.10.06"]
[SourceVersion "1"]
[SourceVersionDate "2021.10.06"]
[SourceQuality "1"]

1. d4 Nf6 2. c4 g6 3. Nc3 Bg7 4. e4 d6 5. Nf3 0-0 6. Be2 e5 7. 0-0 Nc6 8. d5 Ne7 9. Ne1 a5 10. Be3 Nd7 11. Nd3 f5 12. f3 b6 13. a3 Ba6 14. Nc1 f4 15. Bf2 h6 16. b4 axb4 17. axb4 g5 18. Nb3 Ng6 19. c5 Bxe2 20. Qxe2 bxc5 21. bxc5 Qe7 22. cxd6 cxd6 23. Rfc1 Rfc8 24. Rxa8 Rxa8 25. Nb5 Bf8 26. Rc6 Qf6 27. h3 Be7 28. Qc4 Ngf8 29. Qb4 Nb8 30. Rc8 Na6 31. Qc3 Rxc8 32. Qxc8 Nb4 33. Nc1 Qf7 34. Be1 Nxd5 35. exd5 Qxd5 36. Nc3 Qd4+ 37. Bf2 Qd2 38. Nb3 Qd3 39. Na5 Qc2 40. Nc6 Kf7 41. Nxe7 1-0